Estatísticas para Signos do Zodíaco

Clique aqui para jogar o quiz

Estatísticas Gerais

  • Esse quiz foi jogado 15 983 vezes
  • A pontuação média é 11 de 12

Estatísticas das Respostas

IníciosSignos% Correto
19 de FevereiroPeixes
95%
20 de JaneiroAquário
94%
20 de AbrilTouro
93%
23 de JulhoLeão
92%
22 de DezembroCapricórnio
91%
21 de JunhoCâncer
89%
23 de OutubroEscorpião
89%
21 de MaioGêmeos
89%
23 de SetembroLibra
89%
21 de MarçoÁries
85%
23 de NovembroSagitário
85%
23 de AgostoVirgem
85%

Distribuição das Pontuações

Percentil de Números Respondidos

Porcentagem de Pessoas com Cada Pontuação

Sua Pontuação Histórica

Você não jogou esse quiz